| 000 | 00670nam a2200217 i 4500 | ||
|---|---|---|---|
| 001 | 130189 | ||
| 003 | ES-MaACL | ||
| 005 | 20251002204722.0 | ||
| 007 | t| | ||
| 008 | 070723s1970 sp |||| | spa d | ||
| 100 | 1 |
_aZweig, Stefan, _d1881-1942 _9118562 |
|
| 245 | 1 | 3 |
_aLa tragedia de una vida / _cStefan Zweig ; [traducción de Editorial Juventud]. |
| 250 | _a1ª ed. | ||
| 260 |
_aBarcelona : _bJuventud, _c1970. |
||
| 300 |
_a176 p. ; _c22 cm. |
||
| 600 | 1 | 4 |
_aVerhaeren, Emile, _d1855-1916 _9114123 |
| 600 | 1 | 4 |
_aDesbordes-Valmore, Marceline. _943831 |
| 710 | 2 |
_aEditorial Juventud. _93443 |
|
| 852 |
_aES-MaACL _jC-44193 |
||
| 999 |
_c130189 _d130189 |
||